000 00593nam a22002177a 4500
999 _c14035
_d14035
003 MIRAKIL
005 20200915160117.0
008 200915b tu ||||| |||| 00| 0 tur d
020 _a9753850565
040 _aTR-AnCHP
_btur
_cTR-AnCHP
041 _atur
082 _a823.34
_bL65d 1999
100 _aLondon, Jack
245 _aDemir ökçe/
_cJack London; çeviren Şemsa Yeğin.
250 _a9 bs.
260 _aİstanbul:
_bOda Yayınları,
_c1999.
300 _a267 s.:
_c20 sm.
650 _aAmerikan edebiyatı
_xRoman
700 1 _aYeğin, Şemsa
_93288
_eçev.
942 _2ddc
_cBKS